| 000 | 00590nam a2200181 4500 | ||
|---|---|---|---|
| 001 | 123575 | ||
| 003 | ES-MaACL | ||
| 005 | 20250602063227.0 | ||
| 007 | t| | ||
| 008 | 070214s1971 sp r ||||1| spa d | ||
| 100 | 1 |
_aRahner, Karl, _d1904-1984 _995012 |
|
| 245 | 1 | 0 |
_aFieles a la tierra _b: reflexiones de un cristiano sobre la vida cotidiana / _cKarl Rahner ; versión de Daniel Ruiz Bueno. |
| 260 |
_aBarcelona : _bHerder, _c1971. |
||
| 300 |
_a246 p. ; _c20 cm. |
||
| 700 | 1 |
_aRuiz Bueno, Daniel. _9100677 |
|
| 852 |
_aES-MaACL _jC-49004 _bR.78529 |
||
| 999 |
_c123575 _d123575 |
||